000 00332nam a2200145Ia 4500
005 20251222141917.0
008 251222s9999||||xx |||||||||||||| ||spa||
020 _a84-293-0896-2
082 _a263.6/M41
100 _aDe Mello, Anthony
245 0 _aContacto con Dios:
250 _a5a.ed.
264 _bSal Terrae
942 _cLIB
999 _c8584
_d8584